Wo haben die Spieler gespielt? Fußball Deutschland Pt. 3 - Statistiken

Allgemein
  • Dieses Quiz wurde 103 mal gespielt
  • Das Durchschnittsergebnis liegt bei 8 aus 12
Antwortstatistiken
Spieler Team % Korrekt
Pascal TestroetAnthony Ujah Jan-Niklas Beste Nils Petersen Kevin De Bruyne SV Werder Bremen
95%
Gregor KobelBariş Atik Roberto Firmino David Alaba Serge Gnabry TSG 1899 Hoffenheim
95%
Sebastian PolterOmar Marmoush Paul Seguin Luca Waldschmidt Victor Osimhen VfL Wolfsburg
94%
Steffen TiggesSebastian Rode Immanuël Pherai Anthony Modeste Ansgar Knauff Borussia Dortmund
88%
Hansi FlickMichael Rensing Daniel Brosinski Simon Terodde Marius Ebbers 1. FC Köln
82%
Marvin Ducksch Ivan Klasnic Guido Burgstaller Gerald Asamoah Max Kruse FC St. Pauli
73%
Luca KilianAlbert Bunjaku Srđan Lakic Zlatko Dedič Chris Führich SC Paderborn
57%
Änis Ben-HatiraAndré Hoffmann Manesseh Ishiaku Mark Flekken Markus Anfang MSV Duisburg
49%
Abdul Rahman BabaNiclas Füllkrug Timo Achenbach Kevin Kampl Robert Žulj SpVgg Greuther Fürth
48%
José VunguidicaMohamed Amsif Mohamadou Idrissou Benedict Hollerbach Robert Andrich SV Wehen Wiesbaden
46%
Assani LukimyaMarek Mintál Timo Becker Marcel Schuhen Sergej Barbarez Hansa Rostock
39%
Alexander BugeraJanik Haberer André Breitenreiter Florian Niederlechner Sebastian Maier SpVgg Unterhaching
16%
Keine übereinstimmenden Quizze gefunden
Verteilung der Resultate
Anzahl Personen mit jedem Resultat
Perzentil nach korrekt beantworteten Fragen
Ihre Resultats-Entwicklung
Sie haben dieses Quiz noch nicht gespielt